00300nam a2200097Ia 4500008004100000100003500041245001800076260001800094540002800112856006200140230814t2012 xx 000 0 spa d aAmuchategui Requena, Griselda  0aDerecho penal bOxford c2012 fSIN LICENCIAS es venta uhttps://biblioteca.oup.com.mx/library/search/Amuchategui